[Event "ZH-2020-0-01878"]
[Site "LSS email"]
[Date "2020.12.27"]
[Round "?"]
[White "Pilgram, Kurt"]
[Black "Weglicki, Slawomir"]
[Result "1/2-1/2"]
[WhiteElo "2173"]
[BlackElo "2183"]
[PlyCount "50"]
[EventDate "2020.12.23"]
[EventType "match (corr)"]
[EventRounds "2"]
[EventCountry "GER"]
[SourceTitle "Corr 2022"]
[Source "ChessBase"]
[SourceDate "2021.10.24"]
[SourceVersion "1"]
[SourceVersionDate "2021.10.24"]
[SourceQuality "1"]

1. d4 Nf6 2. Nf3 g6 3. c4 Bg7 4. Nc3 0-0 5. e4 d6 6. Be2 e5 7. 0-0 Bg4 8. d5 a5 9. Be3 Na6 10. Nd2 Bxe2 11. Qxe2 Qd7 12. f3 Qe7 13. Rab1 Nh5 14. a3 Nf4 15. Qe1 Nc5 16. Bxc5 dxc5 17. Kh1 Nh5 18. g3 f5 19. Qe2 Qg5 20. Nb3 b6 21. Nc1 f4 22. g4 Nf6 23. Nd3 Rfc8 24. Qf2 Ne8 25. b3 Nd6 1/2-1/2

[Event "LSS SA-2020-0-00742"]
[Site "LSS email"]
[Date "2020.12.04"]
[Round "?"]
[White "Weglicki, Slawomir"]
[Black "Reppert, Victor"]
[Result "1/2-1/2"]
[WhiteElo "2183"]
[BlackElo "2024"]
[PlyCount "113"]
[EventDate "2020.10.17"]
[EventType "tourn (corr)"]
[EventRounds "6"]
[EventCountry "GER"]
[SourceTitle "Corr 2024"]
[Source "ChessBase"]
[SourceDate "2023.10.19"]
[SourceVersion "1"]
[SourceVersionDate "2023.10.19"]
[SourceQuality "1"]

1. e4 c5 2. c3 Nf6 3. e5 Nd5 4. Nf3 d6 5. Bc4 dxe5 6. Nxe5 e6 7. 0-0 Bd6 8. d4 0-0 9. Nd2 cxd4 10. cxd4 Qc7 11. Bb3 Bxe5 12. dxe5 Qxe5 13. Re1 Qc7 14. Ne4 Nc6 15. Bxd5 exd5 16. Qxd5 Nb4 17. Qg5 f6 18. Nxf6+ Rxf6 19. Re8+ Kf7 20. Qh5+ Rg6 21. Qxh7 Kxe8 22. Qxg6+ Kf8 23. Bh6 Qf7 24. Qd6+ Kg8 25. Bxg7 Kxg7 26. Qxb4 Bf5 27. Rd1 Rc8 28. h3 b6 29. Rd6 Qc4 30. Qd2 Qc1+ 31. Kh2 Qxd2 32. Rxd2 Rf8 33. a3 Kg6 34. Rd6+ Kg5 35. Kg3 Bc8 36. f3 Rf7 37. h4+ Kh5 38. Rd5+ Rf5 39. Rd8 Be6 40. b4 b5 41. Rh8+ Kg6 42. Re8 Bc4 43. Kf2 Rh5 44. g3 Kf6 45. Rd8 Rh7 46. Rf8+ Ke5 47. Ke3 a6 48. Rc8 Bd5 49. f4+ Kf5 50. Rc5 Ke6 51. Kd4 Bg2 52. Re5+ Kf6 53. Kc5 Rh6 54. Rg5 Bf3 55. Kb6 Ke7+ 56. Ka7 Bd1 57. Re5+ 1/2-1/2

[Event "LSS SA-2020-0-00742"]
[Site "LSS email"]
[Date "2020.12.04"]
[Round "?"]
[White "Weglicki, Slawomir"]
[Black "Schleef, Harald"]
[Result "0-1"]
[WhiteElo "2183"]
[BlackElo "2086"]
[PlyCount "108"]
[EventDate "2020.10.17"]
[EventType "tourn (corr)"]
[EventRounds "6"]
[EventCountry "GER"]
[SourceTitle "Corr 2024"]
[Source "ChessBase"]
[SourceDate "2023.10.19"]
[SourceVersion "1"]
[SourceVersionDate "2023.10.19"]
[SourceQuality "1"]

1. e4 e5 2. Nc3 Nf6 3. Nf3 Nc6 4. d4 exd4 5. Nxd4 Bb4 6. Nxc6 bxc6 7. Bd3 d5 8. exd5 cxd5 9. 0-0 0-0 10. Bg5 c6 11. Qf3 Rb8 12. Rad1 Be7 13. Rb1 h6 14. Bf4 Bd6 15. h3 Rb7 16. Rfe1 a5 17. a3 Be6 18. Qe3 Bxf4 19. Qxf4 c5 20. b3 Qb8 21. Qd2 Rd8 22. Rbd1 Rbd7 23. Bb5 Rd6 24. a4 Bf5 25. Bd3 Ne4 26. Bxe4 dxe4 27. Qe2 e3 28. fxe3 Rg6 29. Kh1 Rxd1 30. Rxd1 Kh7 31. Nd5 Be4 32. Nf4 Rf6 33. Rd7 Qe5 34. Qc4 Rf5 35. Rd2 Bc6 36. Qd3 c4 37. Qe2 Qc3 38. bxc4 Be4 39. Kh2 Qe5 40. h4 Rf6 41. Qh5 Qxh5 42. Nxh5 Rc6 43. Ng3 Rxc4 44. Nxe4 Rxe4 45. Rd4 Rxe3 46. h5 Re5 47. g4 g6 48. hxg6+ Kxg6 49. Kg3 Kg5 50. Kf3 f5 51. c4 fxg4+ 52. Rxg4+ Kf6 53. Rd4 Rc5 54. Ke4 Kg5 0-1

[Event "OP-2020-0-05060"]
[Site "LSS email"]
[Date "2020.11.29"]
[Round "?"]
[White "Molina, Vicente Andres"]
[Black "Weglicki, Slawomir"]
[Result "0-1"]
[WhiteElo "671"]
[BlackElo "2183"]
[PlyCount "42"]
[EventDate "2020.11.27"]
[EventType "tourn (corr)"]
[EventRounds "4"]
[EventCountry "GER"]
[SourceTitle "Corr 2022"]
[Source "ChessBase"]
[SourceDate "2021.10.24"]
[SourceVersion "1"]
[SourceVersionDate "2021.10.24"]
[SourceQuality "1"]

1. e4 c5 2. Nf3 d6 3. d4 cxd4 4. Nxd4 Nf6 5. Nc3 e5 6. Nb3 Be7 7. Be2 Be6 8. Be3 Nc6 9. Qd3 0-0 10. Nd5 Nxd5 11. exd5 Nb4 12. dxe6 Nxd3+ 13. Bxd3 fxe6 14. 0-0 d5 15. Rad1 a5 16. Bb5 a4 17. Nc5 Qb6 18. c4 Bxc5 19. Bxc5 Qxc5 20. b3 axb3 21. axb3 Ra2 0-1

[Event "OP-2020-0-05060"]
[Site "LSS email"]
[Date "2020.11.29"]
[Round "?"]
[White "Weglicki, Slawomir"]
[Black "Correa de Almeida, Claudio"]
[Result "0-1"]
[WhiteElo "2183"]
[BlackElo "1558"]
[PlyCount "60"]
[EventDate "2020.11.27"]
[EventType "tourn (corr)"]
[EventRounds "4"]
[EventCountry "GER"]
[SourceTitle "Corr 2022"]
[Source "ChessBase"]
[SourceDate "2021.10.24"]
[SourceVersion "1"]
[SourceVersionDate "2021.10.24"]
[SourceQuality "1"]

1. d4 Nf6 2. c4 e6 3. Nc3 Bb4 4. e3 0-0 5. Nge2 d5 6. a3 Be7 7. cxd5 exd5 8. g3 Re8 9. Bg2 h5 10. Nf4 c6 11. Nxh5 Nxh5 12. Qxh5 Nd7 13. 0-0 Nf6 14. Qd1 a5 15. Bd2 Bf5 16. Rc1 b6 17. Re1 Qd7 18. f3 Bh7 19. Bf1 b5 20. Ne2 g5 21. g4 Bd6 22. Ng3 a4 23. Re2 Rac8 24. Rg2 Kh8 25. Qe1 Qe6 26. Ne2 Nd7 27. h4 f6 28. Qf2 Re7 29. hxg5 fxg5 30. Ng3 Rf7 0-1